000 00453nam a2200133Ia 4500
008 200909s9999 xx 000 0 und d
020 _a978-971-23-8670-1
100 _aAlata, Eden Joy Pastor
245 _cEden Joy P. Alata, Bernardo N. Caslib Jr., Janice Patria J. Serafica, R.A. Pawilen
_aUnderstanding the self/
260 _aQuezon City:
_bREX Bookstore
_c2018
300 _avi, 174 pages
_c25 cm.
650 _aHuman behavior
650 _aPsychology
999 _c364157
_d364157